[Event "London Classic Open 2015"]
[Site "London ENG"]
[Date "2015.12.04"]
[Round "1.59"]
[White "Bates, Richard A"]
[Black "Rice, Chris B"]
[Result "1-0"]
[WhiteTitle "IM"]
[WhiteElo "2331"]
[BlackElo "1956"]
[WhiteFideId "403555"]
[BlackFideId "404446"]
[EventDate "2015.12.04"]

1. d4 d5 2. c4 c6 3. Nf3 Nf6 4. Qb3 dxc4 5. Qxc4 Bg4 6. Nbd2 Nbd7 7. g3 e6 8.
Bg2 Be7 9. Qb3 Qb6 10. Nc4 Qxb3 11. axb3 a6 12. O-O h6 13. Bf4 Nd5 14. Nd6+ Bxd6
15. Bxd6 Rc8 16. h3 Bh5 17. e4 Nc7 18. g4 Bg6 19. Rfe1 Nb5 20. Bb4 Nf6 21. d5
cxd5 22. Rac1 Rd8 23. Ba5 Bxe4 24. Bxd8 Kxd8 25. Ne5 Ke7 26. f3 Bh7 27. Bf1 Nd7
28. Nxd7 Kxd7 29. Bxb5+ axb5 30. Rc5 b6 31. Rxb5 Kc6 32. Rb4 Kc5 33. Rf4 Bg6 34.
Ra4 h5 35. Kg2 Kb5 36. Rc1 Rd8 37. f4 Be4+ 38. Kf2 hxg4 39. hxg4 Rd7 40. Ke3 f6
41. Ra8 Re7 42. Rb8 e5 43. f5 Bg2 44. Rbc8 d4+ 45. Kf2 Bd5 46. R1c7 Rxc7 47.
Rxc7 Kb4 48. Rxg7 Kxb3 49. Rd7 Bc4 50. g5 fxg5 51. f6 b5 52. Rb7 b4 53. Rc7 Bg8
54. Rg7 Bc4 55. Rxg5 Kxb2 56. Rxe5 b3 57. Rc5 Bf7 58. Rc7 Be6 59. Ke2 Ka2 60.
Ra7+ Kb1 61. Kd2 b2 62. f7 Bxf7 63. Rxf7 Ka2 64. Ra7+ Kb3 65. Rb7+ Ka2 66. Kc2
d3+ 67. Kc3 b1=N+ 68. Kxd3 Na3 69. Kc3 Nb1+ 70. Kc2 Na3+ 71. Kc1 Nc4 72. Rb4 Ne3
73. Kd2 Nd5 74. Rb5 Nc7 75. Rc5 Ne6 76. Re5 Nc7 77. Kc3 Kb1 78. Kc4 Kb2 79. Re7
Na6 80. Kb5 Nb8 81. Rb7 1-0

[Event "London Classic Open 2015"]
[Site "London ENG"]
[Date "2015.12.04"]
[Round "1.60"]
[White "Harstad, Christian"]
[Black "Nguyen, Piotr"]
[Result "0-1"]
[WhiteElo "1954"]
[BlackElo "2329"]
[WhiteFideId "1504045"]
[BlackFideId "1127993"]
[EventDate "2015.12.04"]

1. d4 g6 2. c4 Bg7 3. e4 d6 4. Nc3 e5 5. d5 Nd7 6. Be3 Ne7 7. Qd2 f5 8. f3 Nf6
9. h3 Bd7 10. Bd3 c6 11. Nge2 O-O 12. g4 cxd5 13. cxd5 a6 14. O-O-O b5 15. a3
Qb8 16. gxf5 gxf5 17. Na2 a5 18. b3 b4 19. a4 Qe8 20. Bc2 Qh5 21. Ng3 Qxf3 22.
Nxf5 Nxf5 23. exf5 Ne4 24. Qd3 Ng3 25. Rhf1 Nxf1 26. Rxf1 Qxh3 27. Qe4 Qxf1+ 0-1

[Event "London Classic Open 2015"]
[Site "London ENG"]
[Date "2015.12.04"]
[Round "1.62"]
[White "Edwards, Simon R"]
[Black "Buchicchio, Giampaolo"]
[Result "0-1"]
[BlackTitle "FM"]
[WhiteElo "1945"]
[BlackElo "2313"]
[WhiteFideId "406821"]
[BlackFideId "811491"]
[EventDate "2015.12.04"]

1. e4 c5 2. Nf3 Nc6 3. d4 cxd4 4. Nxd4 e5 5. Nb5 d6 6. c4 Be7 7. N1c3 a6 8. Na3
Be6 9. Nd5 Rc8 10. Bd3 Bg5 11. O-O h6 12. b4 Bxd5 13. exd5 Bxc1 14. Rxc1 Nd4 15.
Qa4+ Kf8 16. f4 e4 17. Bxe4 Ne2+ 18. Kh1 Nxc1 19. Rxc1 Nf6 20. Bf5 Rc7 21. b5 g6
22. Bb1 Qc8 23. Qb4 Rc5 24. bxa6 bxa6 25. Qb6 Kg7 26. Qxd6 Rd8 27. Qe7 Rcxd5 28.
h3 Rd1+ 29. Rxd1 Rxd1+ 30. Kh2 Qb8 31. Qe5 Qb4 32. Qe3 Rxb1 33. Nxb1 Qxb1 34. c5
Qxa2 35. c6 Qc4 36. Qb6 Nd5 37. Qb2+ Kh7 38. Qb7 Qxf4+ 0-1

[Event "London Classic Open 2015"]
[Site "London ENG"]
[Date "2015.12.04"]
[Round "1.63"]
[White "Karthik, V. AP"]
[Black "Burbidge, Duncan R"]
[Result "1-0"]
[WhiteElo "2310"]
[BlackElo "1943"]
[WhiteFideId "25006479"]
[BlackFideId "412198"]
[EventDate "2015.12.04"]

1. d4 e6 2. c4 Nf6 3. Nc3 Bb4 4. Nf3 b6 5. Bg5 Bb7 6. Nd2 h6 7. Bh4 Bxc3 8. bxc3
O-O 9. e4 g5 10. Bg3 Nxe4 11. Nxe4 Bxe4 12. h4 Nc6 13. hxg5 hxg5 14. Qh5 Qf6 15.
f4 Bg6 16. Qh6 gxf4 17. Bxf4 Rfe8 18. Bg5 Qg7 19. Qh4 f5 20. Bf6 Qh7 21. Qg5 1-0

[Event "London Classic Open 2015"]
[Site "London ENG"]
[Date "2015.12.04"]
[Round "1.65"]
[White "Liu, Yi"]
[Black "Wright, Jonathan ENG"]
[Result "1-0"]
[WhiteTitle "FM"]
[WhiteElo "2306"]
[BlackElo "1923"]
[WhiteFideId "3210588"]
[BlackFideId "418331"]
[EventDate "2015.12.04"]

1. d4 Nf6 2. Nf3 g6 3. c4 Bg7 4. Nc3 O-O 5. e4 d6 6. Be2 e5 7. O-O Nc6 8. d5 Ne7
9. Ne1 Nd7 10. f3 f5 11. Be3 Nf6 12. c5 h5 13. Rc1 f4 14. Bf2 g5 15. Nb5 Ne8 16.
cxd6 cxd6 17. Nxa7 Bd7 18. Qb3 g4 19. Nb5 g3 20. hxg3 fxg3 21. Bxg3 Bh6 22. Rc2
Ng6 23. Bc4 Qg5 24. Bh2 h4 25. Kf2 Ra4 26. Ke2 Bxb5 27. Qxb5 Qe3+ 28. Kd1 Qd4+
29. Nd3 Qa7 30. Bg1 Qa8 31. a3 Rf7 32. Bb6 Nc7 33. Qb3 1-0

[Event "London Classic Open 2015"]
[Site "London ENG"]
[Date "2015.12.04"]
[Round "1.66"]
[White "White, David J"]
[Black "Richardson, John R"]
[Result "0-1"]
[BlackTitle "FM"]
[WhiteElo "1921"]
[BlackElo "2302"]
[WhiteFideId "402931"]
[BlackFideId "401617"]
[EventDate "2015.12.04"]

1. e4 c6 2. d4 d5 3. e5 Bf5 4. h4 h5 5. Nf3 e6 6. c4 Nd7 7. Nc3 Ne7 8. Bg5 f6 9.
exf6 gxf6 10. Be3 dxc4 11. Bxc4 Nd5 12. Qd2 Rg8 13. g3 Bb4 14. O-O N7b6 15. Bb3
Qe7 16. a3 Bd6 17. Nxd5 Nxd5 18. Bxd5 exd5 19. Bf4 Be4 20. Qe3 O-O-O 21. Nd2
Rde8 22. Bxd6 Qxd6 23. Rfe1 f5 24. Nxe4 dxe4 25. d5 f4 26. Qxa7 fxg3 27. Qa8+
Kc7 28. Qa5+ Kb8 29. f3 exf3 30. Rxe8+ Rxe8 31. dxc6 Qd4+ 32. Kh1 Qxh4+ 33. Kg1
Qh2+ 0-1

[Event "London Classic Open 2015"]
[Site "London ENG"]
[Date "2015.12.04"]
[Round "1.67"]
[White "Paterek, Michal"]
[Black "Jacob, Sydney J"]
[Result "1-0"]
[WhiteTitle "FM"]
[WhiteElo "2293"]
[BlackElo "1884"]
[WhiteFideId "1116142"]
[BlackFideId "419338"]
[EventDate "2015.12.04"]

1. d4 g6 2. e4 Bg7 3. Ne2 c5 4. d5 d6 5. c4 b5 6. cxb5 a6 7. b6 Qxb6 8. Nec3 f5
9. Nd2 Nf6 10. exf5 Bxf5 11. Be2 O-O 12. O-O Bc8 13. Nc4 Qc7 14. f4 Nbd7 15. f5
gxf5 16. Ne3 Ne4 17. Nxf5 Nxc3 18. Nxe7+ Kh8 19. bxc3 Bxc3 20. Rb1 Nf6 21. Nxc8
Raxc8 22. Bh6 Rf7 23. Bxa6 Rb8 24. Rxb8+ Qxb8 25. Qe2 Bd4+ 26. Kh1 Qa8 27. Bc4
Be5 28. Be3 Qe8 29. Bb5 Qf8 30. Qf3 Kg8 31. a4 Qg7 32. g3 Qg6 33. Qf5 Bc3 34.
Qxg6+ hxg6 35. Rc1 Ba5 36. Kg2 Nxd5 37. Bf2 Nc7 38. Bc4 d5 39. Bd3 c4 40. Bxg6
Rf6 41. Bh5 Bd2 42. Rc2 c3 43. Be2 Ne6 44. a5 Nc7 45. Bb6 Na8 46. Bd4 Rc6 47.
Bb5 Rc7 48. Kf3 Re7 49. a6 Nc7 50. a7 Rf7+ 51. Ke2 Rf8 52. Bc6 Kf7 53. Be5 Na8
54. Bxd5+ Kg6 55. Bxc3 Bxc3 56. Rxc3 1-0

[Event "London Classic Open 2015"]
[Site "London ENG"]
[Date "2015.12.04"]
[Round "1.68"]
[White "Stokes, Paul C"]
[Black "Cederstam Barsk, Carl"]
[Result "0-1"]
[BlackTitle "FM"]
[WhiteElo "1884"]
[BlackElo "2291"]
[WhiteFideId "419010"]
[BlackFideId "1713329"]
[EventDate "2015.12.04"]

1. d4 d5 2. c4 c6 3. Nf3 Nf6 4. e3 a6 5. Bd3 Nbd7 6. O-O g6 7. b3 Bg7 8. Bb2 O-O
9. Nc3 b5 10. a3 Bb7 11. Qe2 Qb6 12. Rfd1 Rfe8 13. Rac1 e6 14. h3 Re7 15. c5 Qc7
16. b4 e5 17. dxe5 Nxe5 18. Nxe5 Rxe5 19. Qc2 Rae8 20. Ne2 R5e7 21. Nd4 Bc8 22.
a4 Nd7 23. axb5 axb5 24. Bxb5 Bxd4 25. Rxd4 cxb5 26. Rxd5 Re6 27. c6 Ne5 28.
Bxe5 Rxe5 29. Qc5 Rxd5 30. Qxd5 Re5 31. Qd4 f6 32. f4 Re6 33. Qc5 Kg7 34. Qxb5
Rxe3 35. Qc4 Bf5 36. b5 Re4 37. Qc5 Qxf4 38. c7 Bxh3 39. gxh3 Re2 40. c8=Q Qh2+
41. Kf1 Qg2# 0-1

[Event "London Classic Open 2015"]
[Site "London ENG"]
[Date "2015.12.04"]
[Round "1.69"]
[White "Chen, Pengyu"]
[Black "Simpson, Ben"]
[Result "1-0"]
[WhiteTitle "FM"]
[WhiteElo "2289"]
[BlackElo "1865"]
[WhiteFideId "3212092"]
[BlackFideId "444405"]
[EventDate "2015.12.04"]

1. e4 c5 2. c3 d5 3. exd5 Qxd5 4. Nf3 Nf6 5. d4 Nc6 6. dxc5 Qxc5 7. Be3 Qa5 8.
Na3 e5 9. Nc4 Qc7 10. Qa4 Nd5 11. Ncxe5 Nxe3 12. fxe3 Bd6 13. Nxc6 bxc6 14. Qe4+
Kf8 15. Bc4 Bd7 16. O-O-O Bc5 17. Bxf7 Bf5 18. Qxf5 Bxe3+ 19. Kc2 Qxf7 20. Qxf7+
Kxf7 21. Ne5+ Ke6 22. Nxc6 Bg5 23. Rhe1+ Kf5 24. Rd5+ Kg6 25. Ne5+ Kf6 26. Rd6+
Kf5 27. Nf7 Rhe8 28. Rd5+ 1-0

[Event "London Classic Open 2015"]
[Site "London ENG"]
[Date "2015.12.04"]
[Round "1.70"]
[White "Watson, John L"]
[Black "Motlhatlhelo, Thapelo"]
[Result "1-0"]
[WhiteTitle "IM"]
[WhiteElo "2277"]
[BlackElo "1851"]
[WhiteFideId "2000768"]
[BlackFideId "11302089"]
[EventDate "2015.12.04"]

1. d4 d5 2. c4 e6 3. Nc3 Nf6 4. cxd5 exd5 5. Bg5 Nbd7 6. e3 c6 7. Bd3 Bd6 8. Qc2
a6 9. Nf3 h6 10. Bh4 Qc7 11. O-O O-O 12. Rac1 c5 13. dxc5 Qxc5 14. Rfd1 b5 15.
Qe2 Qb6 16. Nd4 Re8 17. Bf5 Bb7 18. Bxd7 Nxd7 19. Nf5 Bf8 20. Qd2 Qg6 21. Nd4
Ne5 22. Bg3 Bd6 23. b3 Rac8 24. Nce2 Ng4 25. Nf4 Qe4 26. Kh1 g5 27. Nh5 Qg6 28.
Bxd6 Qxd6 29. Ng3 h5 30. Ndf5 Qe5 31. h3 h4 32. hxg4 hxg3 33. Nxg3 Rxc1 34. Qxc1
Bc8 35. Qc6 Bxg4 36. Rxd5 Qh8+ 37. Kg1 Rc8 38. Rxg5+ Kf8 39. Qd6+ Ke8 40. Rxg4
Rc1+ 41. Nf1 f5 1-0

[Event "London Classic Open 2015"]
[Site "London ENG"]
[Date "2015.12.04"]
[Round "1.71"]
[White "Misyura, Ilya"]
[Black "Haugli, Petter"]
[Result "0-1"]
[BlackTitle "IM"]
[WhiteElo "1843"]
[BlackElo "2260"]
[WhiteFideId "434183"]
[BlackFideId "1500104"]
[EventDate "2015.12.04"]

1. d4 Nf6 2. c4 g6 3. Nc3 Bg7 4. e4 d6 5. Nf3 O-O 6. Be2 e5 7. O-O Nc6 8. d5 Ne7
9. b4 a5 10. Ba3 axb4 11. Bxb4 Nd7 12. a4 Bh6 13. Nd2 f5 14. Bf3 b6 15. Qe2 Nc5
16. Ra2 Bd7 17. Bxc5 bxc5 18. Rb1 fxe4 19. Bxe4 Nf5 20. Nf3 Ra5 21. Rb7 Qc8 22.
Qb2 Nd4 23. Qb1 Bf5 24. Ne1 Bg5 25. Rab2 Bd8 26. Qd3 Qa8 27. Rb8 Qa6 28. Nc2
Bxe4 29. Nxe4 Rxa4 30. Ng5 Bxg5 31. Rxf8+ Kxf8 32. h4 Nxc2 33. Rb8+ Kg7 34. Qh3
Bf6 35. h5 gxh5 36. Qd7+ Kh6 37. Qe6 Ra1+ 38. Kh2 Rh1+ 39. Kxh1 Qa1+ 40. Kh2 e4
41. Qxe4 Qe5+ 42. Qxe5 Bxe5+ 43. g3 Na3 44. Rb7 Nxc4 45. Rxc7 Nb6 46. f4 Nxd5
47. Rd7 Nxf4 48. gxf4 Bxf4+ 49. Kg2 h4 50. Rd8 Kg6 51. Rg8+ Kf5 52. Kf3 Bg3 53.
Re8 Be5 54. Rf8+ Ke6 55. Kg4 Bg3 56. Re8+ Kd5 57. Re2 c4 58. Rd2+ Ke4 0-1

[Event "London Classic Open 2015"]
[Site "London ENG"]
[Date "2015.12.04"]
[Round "1.72"]
[White "Rovai, Andrea"]
[Black "Roe, Simon J"]
[Result "0-1"]
[WhiteElo "1839"]
[BlackElo "2254"]
[WhiteFideId "2833072"]
[BlackFideId "401471"]
[EventDate "2015.12.04"]

1. e4 c6 2. Nc3 d5 3. Qf3 d4 4. Bc4 e6 5. Nce2 c5 6. Qg3 Nc6 7. d3 a6 8. a3 Nge7
9. f4 Ng6 10. Nf3 Qc7 11. O-O Be7 12. h4 h5 13. Ng5 Bxg5 14. hxg5 Bd7 15. Qf2
O-O-O 16. c3 h4 17. cxd4 cxd4 18. Nxd4 h3 19. g3 h2+ 20. Kh1 Nxd4 21. Qxd4 Bc6
22. Qe3 b5 23. Bb3 Qb7 24. Bc2 Ne7 25. Qf2 Nf5 26. Be3 Rxd3 27. Bxd3 Bxe4+ 28.
Bxe4 Qxe4+ 29. Qf3 Nxg3+ 30. Kg2 Nxf1 31. Rc1+ Kd7 32. Rd1+ Ke8 33. Rxf1 Qxf3+
34. Kxf3 h1=Q+ 35. Rxh1 Rxh1 36. Bd4 g6 37. Be5 Kd7 38. Ke3 Kc6 39. Kd4 Rd1+ 40.
Kc3 a5 41. b4 a4 42. Bb8 Kd5 43. Be5 Rb1 44. Kc2 Rb3 45. Bb2 Ke4 46. Bc1 Kf5 47.
Kd1 f6 0-1

[Event "London Classic Open 2015"]
[Site "London ENG"]
[Date "2015.12.04"]
[Round "1.73"]
[White "Merriman, John"]
[Black "Shah, Dipak K"]
[Result "1-0"]
[WhiteElo "2253"]
[BlackElo "1837"]
[WhiteFideId "402362"]
[BlackFideId "425842"]
[EventDate "2015.12.04"]

1. d4 g6 2. c4 Bg7 3. Nc3 d6 4. e4 Nd7 5. Be3 e5 6. d5 Ne7 7. Qd2 f5 8. f3 O-O
9. Bd3 Nf6 10. h3 Nh5 11. Nge2 fxe4 12. fxe4 Rf7 13. O-O-O Qf8 14. Kb1 a6 15. c5
Nf4 16. Nxf4 exf4 17. Bf2 Bd7 18. Be2 Nc8 19. cxd6 cxd6 20. h4 Qd8 21. h5 g5 22.
h6 Bf6 23. g3 Be5 24. gxf4 Bxf4 25. Be3 Ne7 26. Bxf4 Rxf4 27. Rdg1 Ng6 28. Qd4
Ne5 29. Rh5 g4 30. Qb4 Be8 31. Qxb7 Rf7 32. Qb4 Rb8 33. Qd4 Rfb7 34. Rxe5 dxe5
35. Qxe5 Qb6 36. Rxg4+ Bg6 37. b3 Qf2 38. d6 Qe1+ 39. Kc2 Qf2 40. d7 1-0

[Event "London Classic Open 2015"]
[Site "London ENG"]
[Date "2015.12.04"]
[Round "1.74"]
[White "Bin-Suhayl, Ieysaa"]
[Black "Therrien, Alex L"]
[Result "0-1"]
[BlackTitle "FM"]
[WhiteElo "1828"]
[BlackElo "2252"]
[WhiteFideId "429031"]
[BlackFideId "412856"]
[EventDate "2015.12.04"]

1. d4 Nf6 2. Bf4 e6 3. Nf3 c5 4. e3 Be7 5. h3 b6 6. Bd3 Bb7 7. Nbd2 cxd4 8. exd4
d6 9. c3 Nbd7 10. Qe2 a6 11. O-O O-O 12. Rfe1 Re8 13. Ng5 Nf8 14. Nge4 Nd5 15.
Bh2 f5 16. c4 Nb4 17. Nc3 Nxd3 18. Qxd3 Qd7 19. Rad1 Rac8 20. b3 h6 21. Na4 Bd8
22. Nc3 Nh7 23. Nf1 Nf6 24. Ng3 d5 25. Nb1 Qc6 26. cxd5 Nxd5 27. Qf3 Bg5 28. Nh5
Qd7 29. Qe2 g6 30. h4 Bxh4 31. Nf4 Nxf4 32. Bxf4 Qd5 33. Qf3 Qxf3 34. gxf3 g5
35. Be5 Rc2 36. Rd2 Rec8 37. Bg3 Rc1 38. Rdd1 Rxd1 39. Rxd1 Bxf3 40. Re1 Bxg3
41. fxg3 Bd5 42. Na3 b5 43. Kf2 Rc3 0-1

[Event "London Classic Open 2015"]
[Site "London ENG"]
[Date "2015.12.04"]
[Round "1.75"]
[White "Cordes, Hans-Joerg"]
[Black "Fernandez Aransay, Fernando"]
[Result "1-0"]
[WhiteTitle "FM"]
[WhiteElo "2250"]
[BlackElo "1826"]
[WhiteFideId "4602234"]
[BlackFideId "2216280"]
[EventDate "2015.12.04"]

1. d4 d5 2. Nf3 Nf6 3. c4 e6 4. Nc3 Be7 5. Bg5 O-O 6. e3 b6 7. cxd5 exd5 8. Qb3
Bb7 9. Bxf6 Bxf6 10. Rd1 Re8 11. Be2 c6 12. O-O Nd7 13. Bd3 Rc8 14. Rfe1 Qc7 15.
a4 g6 16. Rc1 Bg7 17. Nxd5 Qb8 18. Nc3 c5 19. d5 Nf6 20. Rcd1 Qa8 21. e4 Ng4 22.
Bb5 Red8 23. e5 a6 24. Bc4 Re8 25. e6 fxe6 26. d6 Bxf3 27. Bxe6+ Kf8 28. Bxc8
Rxc8 29. d7 Bxd1 30. dxc8=Q+ Qxc8 31. Nxd1 Qb8 32. Qf3+ Nf6 33. Qc6 Qd8 34. Nc3
Kg8 35. h3 h5 36. Rd1 Qb8 37. Rd6 1-0

[Event "London Classic Open 2015"]
[Site "London ENG"]
[Date "2015.12.04"]
[Round "1.76"]
[White "Ronka, Erik"]
[Black "Giakoustidis, Spiros-Avgerinos"]
[Result "1-0"]
[WhiteElo "2248"]
[BlackElo "1824"]
[WhiteFideId "505080"]
[BlackFideId "4208668"]
[EventDate "2015.12.04"]

1. d4 d6 2. e4 Nf6 3. Nc3 g6 4. f4 Bg7 5. a3 O-O 6. Nf3 Bg4 7. h3 Bxf3 8. Qxf3
Nc6 9. Be3 e5 10. dxe5 dxe5 11. f5 Nd4 12. Qf2 c5 13. g4 Qa5 14. O-O-O Rfe8 15.
g5 Nh5 16. Bc4 gxf5 17. exf5 b5 18. Bxd4 cxd4 19. Nxb5 Rec8 20. Nd6 Rxc4 21.
Nxc4 Qb5 22. Qf3 Rd8 23. b3 Nf4 24. f6 Bf8 25. Rhe1 Rd5 26. h4 d3 27. Kb2 Qc5
28. c3 d2 29. Rxe5 Rxe5 30. Qxf4 Rf5 31. Qd4 1-0

[Event "London Classic Open 2015"]
[Site "London ENG"]
[Date "2015.12.04"]
[Round "1.77"]
[White "Kalerwa, Edwin M"]
[Black "Haussernot, Cecile"]
[Result "0-1"]
[BlackTitle "WFM"]
[WhiteElo "1823"]
[BlackElo "2242"]
[WhiteFideId "422223"]
[BlackFideId "601632"]
[EventDate "2015.12.04"]

1. c4 c5 2. g3 Nc6 3. Bg2 g6 4. Nc3 Bg7 5. e3 e6 6. Nge2 Nge7 7. d4 cxd4 8. exd4
d5 9. c5 Nf5 10. Be3 O-O 11. O-O b6 12. cxb6 axb6 13. Rc1 Ba6 14. a3 Qd7 15. Re1
Rfd8 16. g4 Nd6 17. Na4 Bxe2 18. Rxe2 Ra6 19. Nc3 b5 20. Rec2 Qb7 21. Bf1 Nc4
22. Nb1 e5 23. b3 Nxe3 24. fxe3 exd4 25. a4 Nb4 26. Rc7 Qb6 0-1

[Event "London Classic Open 2015"]
[Site "London ENG"]
[Date "2015.12.04"]
[Round "1.79"]
[White "Ettu, Kore"]
[Black "Lahtela, Silvo"]
[Result "0-1"]
[WhiteElo "1816"]
[BlackElo "2236"]
[WhiteFideId "439932"]
[BlackFideId "4634276"]
[EventDate "2015.12.04"]

1. e4 g6 2. Bc4 Bg7 3. Nf3 d6 4. O-O e6 5. Nc3 Ne7 6. d4 a6 7. a4 b6 8. d5 e5 9.
Be3 O-O 10. Qd2 Kh8 11. Bh6 Ng8 12. Bxg7+ Kxg7 13. Ne1 f5 14. f4 exf4 15. Qxf4
Nd7 16. exf5 Rxf5 17. Qd4+ Qf6 18. Qxf6+ Ngxf6 19. Rxf5 gxf5 20. Nf3 Ne5 21. Be2
Nxf3+ 22. Bxf3 Bd7 23. Re1 Re8 24. Rxe8 Nxe8 25. Be2 Bc8 26. Kf2 Kf6 27. Ke3 Ke5
28. g3 Nf6 29. h3 h6 30. Bf3 Bb7 31. Be2 a5 32. Bc4 Bxd5 33. Nxd5 Nxd5+ 34. Kf3
Nf6 35. c3 Ne4 36. Bb5 Ng5+ 37. Kg2 d5 38. h4 Ne4 39. Kf3 Nf6 40. Ke3 c5 41. Be2
Ne4 42. Kf3 d4 43. cxd4+ cxd4 44. g4 fxg4+ 45. Kxg4 d3 46. Bf3 Nf6+ 47. Kg3 Kf5
48. Bd1 Ke4 49. Kf2 Nd7 50. Bf3+ Kf4 51. Bh5 Nf6 52. Bg6 Ne4+ 53. Ke1 Ke3 54.
Bh5 Nf2 0-1

[Event "London Classic Open 2015"]
[Site "London ENG"]
[Date "2015.12.04"]
[Round "1.80"]
[White "Stigar, Petter"]
[Black "Turner, David J"]
[Result "1-0"]
[WhiteTitle "FM"]
[WhiteElo "2233"]
[BlackElo "1811"]
[WhiteFideId "1500341"]
[BlackFideId "419737"]
[EventDate "2015.12.04"]

1. Nf3 Nf6 2. c4 g6 3. g3 Bg7 4. Bg2 c5 5. O-O O-O 6. d4 cxd4 7. Nxd4 Nc6 8. Nc3
Nxd4 9. Qxd4 d6 10. Qd3 Rb8 11. Be3 b6 12. Bd4 Bb7 13. e4 e5 14. Be3 Qe7 15.
Rad1 Rfd8 16. b3 Ne8 17. Nd5 Bxd5 18. cxd5 Rdc8 19. Bh3 Rc7 20. Rc1 Rbb7 21. Rc6
Qd8 22. Rfc1 Rxc6 23. dxc6 Rc7 24. b4 h6 25. b5 Nf6 26. Rd1 Bf8 27. a4 Kh7 28.
f3 Qb8 29. Kg2 a6 30. Qe2 axb5 31. axb5 Ra7 32. Qf2 Ne8 33. Bxb6 Ra3 34. Bd7 Nc7
35. Bxc7 1-0

[Event "London Classic Open 2015"]
[Site "London ENG"]
[Date "2015.12.04"]
[Round "1.81"]
[White "Verma, Aditya"]
[Black "Prosviriakov, Vladimir"]
[Result "0-1"]
[BlackTitle "IM"]
[WhiteElo "1805"]
[BlackElo "2232"]
[WhiteFideId "426202"]
[BlackFideId "2004860"]
[EventDate "2015.12.04"]

1. e4 e5 2. Nf3 Nc6 3. Bb5 g6 4. c3 d6 5. d4 Bd7 6. d5 Nb8 7. Bxd7+ Nxd7 8. Na3
Bg7 9. O-O h6 10. Qc2 Ne7 11. Nc4 O-O 12. Ne3 f5 13. exf5 gxf5 14. Nh4 f4 15.
Nef5 Nxf5 16. Nxf5 Qf6 17. g4 Kh8 18. f3 Rae8 19. Bd2 Rf7 20. Rae1 Qd8 21. b4
Nf6 22. c4 Bf8 23. Qa4 a6 24. Qc2 Qa8 25. h4 b5 26. g5 Nh5 27. Nxh6 Bxh6 28.
gxh6 Qd8 0-1

[Event "London Classic Open 2015"]
[Site "London ENG"]
[Date "2015.12.04"]
[Round "1.82"]
[White "Rozycki, Bartlomiej"]
[Black "York-Andersen, Anna"]
[Result "1-0"]
[WhiteElo "2231"]
[BlackElo "1803"]
[WhiteFideId "1106996"]
[BlackFideId "416789"]
[EventDate "2015.12.04"]

1. d4 Nf6 2. c4 g6 3. f3 d5 4. cxd5 Nxd5 5. e4 Nb6 6. Nc3 Bg7 7. Be3 Nc6 8. d5
Ne5 9. f4 Ng4 10. Bb5+ c6 11. dxc6 Qxd1+ 12. Rxd1 O-O 13. Bc5 f5 14. Bxe7 Rf7
15. Rd8+ Bf8 16. Bc5 a6 17. Be2 Kg7 18. Bxb6 bxc6 19. Bd4+ Kh6 20. h3 Nf6 21. g4 1-0

[Event "London Classic Open 2015"]
[Site "London ENG"]
[Date "2015.12.04"]
[Round "1.83"]
[White "Brozel, Sacha"]
[Black "Lyell, Mark"]
[Result "1-0"]
[BlackTitle "FM"]
[WhiteElo "1801"]
[BlackElo "2228"]
[WhiteFideId "429317"]
[BlackFideId "402354"]
[EventDate "2015.12.04"]

1. c4 e6 2. d4 f5 3. Nf3 Nf6 4. Nc3 Bb4 5. Qb3 c5 6. Bf4 Na6 7. e3 b6 8. Be2 Bb7
9. O-O Bxc3 10. Qxc3 O-O 11. a3 Ne4 12. Qd3 g5 13. Bg3 d6 14. h3 Qe7 15. Qc2 Qg7
16. Bd3 Rad8 17. Rad1 g4 18. hxg4 Nxg3 19. fxg3 fxg4 20. Nd2 cxd4 21. Ne4 Bxe4
22. Rxf8+ Qxf8 23. Bxe4 dxe3 24. Bxh7+ Kh8 25. Rf1 Qg7 26. Bd3 Rf8 27. Rxf8+
Qxf8 28. Qe2 Qh6 29. b4 Nb8 30. Qxg4 Nd7 31. Qd4+ e5 32. Qh4 Qxh4 33. gxh4 Kg7
34. Kf1 Kh6 35. g4 b5 36. c5 dxc5 37. Bxb5 Nb6 38. bxc5 Nd5 39. Bc4 Nc7 40. Ke2
Kg6 41. Kxe3 Ne8 42. c6 Kf6 43. h5 Nd6 44. Bd3 Ke7 45. g5 Nf7 46. g6 Nh6 47. Kf3
Kd6 48. g7 1-0

[Event "London Classic Open 2015"]
[Site "London ENG"]
[Date "2015.12.04"]
[Round "1.84"]
[White "Harley, Andrew D"]
[Black "Dror, Levi"]
[Result "1-0"]
[WhiteTitle "FM"]
[WhiteElo "2226"]
[BlackElo "1798"]
[WhiteFideId "401390"]
[BlackFideId "2809583"]
[EventDate "2015.12.04"]

1. e4 e6 2. d4 d5 3. Nc3 Bb4 4. e5 c5 5. a3 Bxc3+ 6. bxc3 Ne7 7. Qg4 O-O 8. Bd3
f5 9. exf6 Rxf6 10. Bg5 Rf7 11. Qh5 g6 12. Qd1 Qa5 13. Nf3 Nbc6 14. Qd2 cxd4 15.
cxd4 Qxd2+ 16. Bxd2 Bd7 17. Rb1 b6 18. O-O Kg7 19. Rfe1 h6 20. c4 Raf8 21. Bc3
g5 22. h3 Ng6 23. cxd5 exd5 24. Ne5 Ngxe5 25. dxe5 Be6 26. Re2 Rc8 27. Ba6 Rcc7
28. Bb5 Ne7 29. Bb2 Rf8 30. Rc1 Rfc8 31. Rxc7 Rxc7 32. Kf1 Rc5 33. a4 Nf5 34.
Bd3 Kf7 35. Rc2 Rxc2 36. Bxc2 Ke7 37. g4 Ng7 38. Bc1 Kd7 39. Bg6 Kc6 40. f4 gxf4
41. Bxf4 h5 42. Bh6 hxg4 43. hxg4 Bxg4 44. Bxg7 Be6 45. Ke2 Kc5 46. Kd3 Kb4 47.
Be8 a6 48. Bf8+ Ka5 49. Kc3 b5 50. axb5 axb5 51. Bc6 1-0

[Event "London Classic Open 2015"]
[Site "London ENG"]
[Date "2015.12.04"]
[Round "1.85"]
[White "Opasiak, Dustin Tennessee"]
[Black "Kugler, Florian"]
[Result "0-1"]
[WhiteElo "1782"]
[BlackElo "2213"]
[WhiteFideId "24630217"]
[BlackFideId "4633300"]
[EventDate "2015.12.04"]

1. Nf3 Nf6 2. g3 c5 3. Bg2 Nc6 4. d3 e5 5. e4 Be7 6. O-O d6 7. a4 h6 8. h3 Be6
9. Nc3 Qd7 10. Kh2 g5 11. Nd2 O-O-O 12. Nc4 Rdg8 13. Nd5 Kb8 14. Nxf6 Bxf6 15.
Ne3 h5 16. Nd5 Bd8 17. f4 gxf4 18. gxf4 Rxg2+ 19. Kxg2 Bxh3+ 20. Kh2 Bxf1 21.
Qxf1 Qg4 22. fxe5 Nxe5 23. Nf4 Rg8 24. Be3 Qg3+ 0-1